|
|
|
|
| LEADER |
00000nam a2200000Ii 4500 |
| 001 |
DIGEDUNAV0235 |
| 003 |
NyNyDIG |
| 006 |
m o d |
| 007 |
cr ||||||||||| |
| 008 |
220611s2014 sp ob 000 0 spa d |
| 035 |
|
|
|a (OCoLC)1333701716
|
| 040 |
|
|
|a DGITA
|b eng
|e rda
|e pn
|c DGITA
|
| 020 |
|
|
|z 9788431330064
|
| 050 |
1 |
4 |
|a BX1795.H84 ebook
|
| 100 |
1 |
|
|a Huarte, Joachim,
|e author.
|
| 245 |
1 |
3 |
|a La reflexión teológico-moral sobre el embrión preimplantatorio :
|b la embriología usada por los teólogos /
|c Joachim Huarte.
|
| 246 |
3 |
0 |
|a Embriología usada por los teólogos
|
| 264 |
|
1 |
|a Pamplona, España :
|b EUNSA, Ediciones Universidad de Navarra,
|c [2014]
|
| 300 |
|
|
|a 1 online resource.
|
| 336 |
|
|
|a text
|b txt
|2 rdacontent
|
| 337 |
|
|
|a computer
|b c
|2 rdamedia
|
| 338 |
|
|
|a online resource
|b cr
|2 rdacarrier
|
| 347 |
|
|
|a text file
|2 rdaft
|
| 347 |
|
|
|b PDF
|
| 490 |
1 |
|
|a Colección Teológica ;
|v 130
|
| 504 |
|
|
|a Includes bibliographical references.
|
| 588 |
0 |
|
|a Online resource; title from PDF title page (Digitalia, viewed June 11, 2022)
|
| 650 |
|
0 |
|a Human reproduction
|x Religious aspects
|x Catholic Church.
|
| 650 |
|
0 |
|a Embryology, Human
|x Religious aspects
|x Catholic Church.
|
| 655 |
|
0 |
|a Electronic books.
|
| 791 |
2 |
|
|a Digitalia (Firm),
|e distributor.
|
| 793 |
0 |
|
|g Digitalia eBook Collection:
|a Ediciones Universidad de Navarra
|
| 776 |
0 |
8 |
|i Print version:
|a Huarte, Joachim.
|t Reflexión teológico-moral sobre el embrión preimplantatorio.
|b Primera edición.
|d Pamplona, España : EUNSA, Ediciones Universidad de Navarra, [2014]
|z 9788431330064
|
| 830 |
|
0 |
|a Colección teológica ;
|v 130.
|
| 856 |
4 |
0 |
|3 Digitalia Hispánica
|u https://www.digitaliapublishing.com/a/51604/
|
| 910 |
|
|
|a Premium collection: 2022
|